• 首页
  • 本馆介绍
  • 公告通知
  • 最新文献
  • 馆藏检索
  • 电子资源
  • 读者导购
  • 参考咨询
  • 我的图书馆
  • 登录
  • 详细信息显示
  • 放入我的书架
  • 预约/预借图书
  • 作者相关作品
  • 分类相关作品
  • 丛书相关作品
  • 出版社相关作品

书目信息

  • 表格格式
  • 工作单格式
  • 卡片格式
题名:
生物分离原理及技术
    
 
作者: 欧阳平凯 , 胡永红 编
分册:  
出版信息: 北京   化学工业出版社  1999
页数: 432页
开本: 20cm
丛书名:
单 册:
中图分类: Q503
科图分类:
主题词: 生物化学 , 生物分离
电子资源:
ISBN: 7-5025-2372-3
000 00657nam0 2200229 45
001 0304151040
005 20031219104109.3
010    @a7-5025-2372-3@dCNY20.00
100    @a20030415d1999 km y0chiy0120 ea
101 0  @achi
105    @a z 000yy
200 1  @a生物分离原理及技术@ASheng Wu Fen Li Yuan Li Ji Ji Shu@f欧阳平凯,胡永红编@FOu Yang Ping Kai,Hu Yong Hong Bian
210    @a北京@c化学工业出版社@d1999
215    @a432页@d20cm
300    @a高等学校教学用书
606 0  @a生物化学
606 0  @a生物分离
690    @aQ503@v4
701  0 @a欧阳平凯@4编
701  0 @a胡永红@4编
801    @aCN@bTSTC@c20030415
905    @b322765-769@dQ503@e78@f5
    
    生物分离原理及技术/欧阳平凯,胡永红编.-北京:化学工业出版社,1999
    432页;20cm
    高等学校教学用书
    
    ISBN 7-5025-2372-3:CNY20.00
    
●
相关链接 在E读中查询图书 在五车中查询图书 在当当中查询图书 在豆瓣中查询图书


正题名:生物分离原理及技术     索取号:Q503/78         预约/预借

序号 登录号 条形码 馆藏地/架位号 状态 备注
1 0322765   203227659   第三借阅区/ [索取号:Q503/78] 在馆    
2 0322766   203227668   第三借阅区/ [索取号:Q503/78] 在馆    
3 0322767   203227677   第三借阅区/ [索取号:Q503/78] 在馆    
4 0322768   203227686   第三借阅区/ [索取号:Q503/78] 在馆    
5 0322769   203227695   第二样本阅览室/ [索取号:Q503/78] 在馆    
唐山师范学院图书馆 欢迎您!
大连网信软件有限公司© 版权所有